000 00462nam a2200181Ia 4500
001 15912
005 20260306170230.0
008 260306t2014||||xx |||||||||||||| ||und||
041 _aESP
082 _a620.3
_bW947
100 _aWirsching, Paul H.
_eAUT
245 0 _aRandom vibrations, theory and practice:
_btheory and practice
260 _c2014
300 _axvi, 448 páginas :
_c22 cm.
650 _aGEN
654 _aCII
942 _cLIB
_dJUS
_fJUS
_2ddc
_n
999 _c15912
_d15912